[Event "8eme Open International de La Fere"]
[Site "La Fere (FRA)"]
[Date "2009.07.07"]
[Round "5.53"]
[White "Baye, Dylan"]
[Black "Rech, Thomas"]
[Result "1-0"]
[WhiteElo "1050"]
[BlackElo "1290"]
[PlyCount "92"]
[EventDate "2009.??.??"]

1. d4 d5 2. Bf4 Nc6 3. e3 Nf6 4. c4 e6 5. Nc3 dxc4 6. Nb5 Bd6 7. Bxc4 Bxf4 8.
exf4 a6 9. Nc3 Nxd4 10. Nce2 Nxe2 11. Qxd8+ Kxd8 12. Nxe2 b5 13. Bd3 Bb7 14.
O-O Ke7 15. Rac1 Rac8 16. Rc2 Bd5 17. Rfc1 c6 18. f5 e5 19. a4 Be4 20. Bxe4
Nxe4 21. axb5 axb5 22. Rxc6 Rxc6 23. Rxc6 Rd8 24. h3 Rd1+ 25. Kh2 Nxf2 26. g4
Ne4 27. Nc3 Rd2+ 28. Kg1 Kd7 29. Nxe4 Kxc6 30. Nxd2 Kd5 31. Kf2 g6 32. f6 h6
33. h4 Kd4 34. g5 hxg5 35. hxg5 Kd3 36. Nf1 b4 37. Ke1 Kc2 38. Nd2 Kxb2 39. Kd1
Kc3 40. Ne4+ Kd3 41. Nd6 b3 42. Kc1 Kc3 43. Kb1 b2 44. Nxf7 e4 45. Ne5 Kd4 46.
f7 e3 1-0

[Event "8eme Open International de La Fere"]
[Site "La Fere (FRA)"]
[Date "2009.07.07"]
[Round "5.54"]
[White "Blondel, Francis"]
[Black "Gosset, Hugo"]
[Result "1-0"]
[WhiteElo "1616"]
[BlackElo "1099"]
[PlyCount "123"]
[EventDate "2009.??.??"]

1. d4 d5 2. c4 c6 3. cxd5 cxd5 4. Nc3 Nf6 5. Bf4 Bf5 6. Nf3 Nc6 7. e3 e6 8. Qb3
Nb4 9. Bb5+ Nd7 10. O-O Bc2 11. Qa3 Nd3 12. Bd6 Bxd6 13. Qxd6 Rc8 14. Ne1 Nxb2
15. Qb4 Qc7 16. Bxd7+ Kxd7 17. Nb5 Qb6 18. Nxc2 Rxc2 19. Rab1 Nd3 20. Qa4 Rc4
21. Qxa7 Qxa7 22. Nxa7 Rb4 23. Rxb4 Nxb4 24. a3 Nc2 25. Rb1 Rb8 26. Rb3 b6 27.
g4 g5 28. h4 Kc7 29. Rc3+ Kb7 30. Rxc2 Kxa7 31. Kg2 b5 32. Kg3 Kb6 33. f4 f6
34. Kf3 Ra8 35. Rc3 Ra4 36. f5 exf5 37. gxf5 b4 38. axb4 Rxb4 39. Rd3 Kc6 40.
Ra3 h6 41. Kg4 Rb7 42. Ra6+ Rb6 43. Rxb6+ Kxb6 44. Kh5 Kb5 45. Kxh6 Kc4 46. Kg6
Kd3 47. Kxf6 Kxe3 48. Kxg5 Kxd4 49. f6 Ke4 50. f7 d4 51. f8=Q d3 52. Qf5+ Ke3
53. Qxd3+ Kxd3 54. h5 Ke4 55. h6 Ke5 56. h7 Kd6 57. h8=Q Kc7 58. Qf6 Kb7 59.
Kf5 Kc7 60. Ke5 Kb7 61. Kd5 Ka7 62. Kc6 1-0

[Event "8eme Open International de La Fere"]
[Site "La Fere (FRA)"]
[Date "2009.07.07"]
[Round "5.55"]
[White "Calonne, Pascal"]
[Black "Woyave, Pascal"]
[Result "1-0"]
[WhiteElo "1545"]
[BlackElo "1630"]
[PlyCount "123"]
[EventDate "2009.??.??"]

1. e4 e6 2. d4 d5 3. e5 c5 4. c3 Nc6 5. Nf3 Nge7 6. Bd3 Nf5 7. Bxf5 exf5 8. O-O
Be6 9. Be3 cxd4 10. cxd4 Be7 11. Nc3 O-O 12. Rc1 f6 13. Na4 Qb8 14. exf6 Bxf6
15. Nc5 Bc8 16. Qb3 Rd8 17. Nd3 Qd6 18. Bf4 Qf8 19. Qc3 Bd7 20. Rfe1 Rac8 21.
Nc5 Qf7 22. Qd3 b6 23. Nb7 Nb4 24. Qb3 Ba4 25. Qxb4 Qxb7 26. Qxa4 b5 27. Qb4
Qb6 28. Rxc8 Rxc8 29. Rc1 Rc4 30. Rxc4 dxc4 31. Qc5 g5 32. Qxb6 axb6 33. Be5
Be7 34. Bc7 b4 35. Ne1 b5 36. d5 Bf6 37. Bd6 c3 38. bxc3 bxc3 39. Bc5 Kf7 40.
g3 h5 41. Kf1 f4 42. Ke2 Be5 43. Nf3 Bf6 44. gxf4 gxf4 45. Kd3 Kg6 46. Bb4 Kf5
47. Bxc3 Bd8 48. h3 Be7 49. Nd4+ Kg5 50. Ke4 Kh4 51. Nf5+ Kxh3 52. Nxe7 Kg4 53.
Ng6 Kg5 54. Nxf4 h4 55. d6 b4 56. Bxb4 h3 57. Nxh3+ Kh4 58. Kf3 Kxh3 59. d7 Kh2
60. d8=Q Kg1 61. Qg8+ Kf1 62. Qg2# 1-0

[Event "8eme Open International de La Fere"]
[Site "La Fere (FRA)"]
[Date "2009.07.07"]
[Round "5.56"]
[White "Turlin, Simon"]
[Black "Remy, Camille"]
[Result "1-0"]
[WhiteElo "1610"]
[BlackElo "1500"]
[PlyCount "93"]
[EventDate "2009.??.??"]

1. e4 e5 2. Nf3 Nc6 3. Bc4 Bc5 4. c3 Nf6 5. d3 d6 6. Be3 Bxe3 7. fxe3 Bg4 8.
O-O Qd7 9. Nbd2 O-O-O 10. d4 Kb8 11. b4 h5 12. a4 h4 13. a5 h3 14. g3 Bxf3 15.
Qxf3 Rdf8 16. b5 Nd8 17. d5 Ne8 18. Rfb1 Kc8 19. b6 a6 20. Qf5 Qxf5 21. exf5 f6
22. Ne4 Rh5 23. g4 Rh4 24. Be2 Kb8 25. Kf2 Rhh8 26. Ra2 Rh7 27. c4 c6 28. dxc6
Nxc6 29. Rd1 Rhh8 30. Nxd6 Nxd6 31. Rxd6 Rd8 32. Rxd8+ Rxd8 33. Kg3 Rh8 34. Bf1
Nb4 35. Ra3 Nc2 36. Rb3 Na1 37. Rb2 Rg8 38. Kxh3 g5 39. Kg3 Rd8 40. Be2 Kc8 41.
h3 Kd7 42. Bd1 Ke7 43. Rb1 Rc8 44. Rxa1 Rxc4 45. Ra3 Rc1 46. Bf3 Rc7 47. bxc7
1-0

[Event "8eme Open International de La Fere"]
[Site "La Fere (FRA)"]
[Date "2009.07.07"]
[Round "5.57"]
[White "Barbry, Quentin"]
[Black "Biellmann, Patrick"]
[Result "1-0"]
[WhiteElo "1564"]
[BlackElo "1310"]
[PlyCount "52"]
[EventDate "2009.??.??"]

1. e4 c6 2. d4 d5 3. Nc3 dxe4 4. Nxe4 Bf5 5. Ng3 Bg6 6. Nf3 Nd7 7. Bc4 e6 8.
O-O Qc7 9. Be3 Bd6 10. c3 Ne7 11. Bd3 h6 12. Re1 O-O-O 13. c4 c5 14. Qc2 Bxd3
15. Qxd3 Rhg8 16. Ne4 Nb6 17. Nxd6+ Rxd6 18. Qc2 Nd7 19. Bf4 e5 20. dxe5 Re6
21. g3 Qc6 22. b4 Nf5 23. Qxf5 cxb4 24. Nd4 g6 25. Qxf7 Rf8 26. Qxe6 Qxe6 1-0

[Event "8eme Open International de La Fere"]
[Site "La Fere (FRA)"]
[Date "2009.07.07"]
[Round "5.58"]
[White "Laufer, Maurice"]
[Black "Vernede, Simon"]
[Result "1-0"]
[WhiteElo "1547"]
[BlackElo "1099"]
[PlyCount "29"]
[EventDate "2009.??.??"]

1. f4 d5 2. Nf3 Nf6 3. e3 Nc6 4. Be2 Bg4 5. O-O e6 6. d3 Bc5 7. d4 Bd6 8. Ne5
Bxe2 9. Qxe2 Bxe5 10. fxe5 Nd7 11. b3 f6 12. exf6 Nxf6 13. Ba3 Ne4 14. Kh1 b6
15. c4 1-0

[Event "8eme Open International de La Fere"]
[Site "La Fere (FRA)"]
[Date "2009.07.07"]
[Round "5.59"]
[White "Brugge, Alexandre"]
[Black "Nesztler, Lambert"]
[Result "0-1"]
[WhiteElo "1010"]
[BlackElo "1499"]
[PlyCount "26"]
[EventDate "2009.??.??"]

1. d3 e5 2. Nf3 Nc6 3. g3 d5 4. Bg2 Nf6 5. O-O Bg4 6. c4 e4 7. dxe4 dxe4 8. Ng5
Qd7 9. Nxe4 Nxe4 10. Bxe4 O-O-O 11. f3 Bh3 12. Rf2 Qxd1+ 13. Rf1 Qxf1# 0-1

[Event "8eme Open International de La Fere"]
[Site "La Fere (FRA)"]
[Date "2009.07.07"]
[Round "5.60"]
[White "Tonneau, Antoine"]
[Black "Deblock, Gilbert"]
[Result "0-1"]
[WhiteElo "1099"]
[BlackElo "1499"]
[PlyCount "90"]
[EventDate "2009.??.??"]

1. e4 d5 2. Bb5+ c6 3. Bd3 Nf6 4. Nc3 Bg4 5. f3 Bh5 6. Nge2 d4 7. Nb1 e6 8. b3
c5 9. Nf4 Nc6 10. Qe2 Nb4 11. Bb5+ Nc6 12. h3 Bd6 13. Nd3 O-O 14. Qf2 Nd7 15.
Ba3 Qc7 16. b4 Bg3 17. bxc5 Bxf2+ 18. Kxf2 Nf6 19. h4 Ne5 20. Nxe5 Qxe5 21. Bd3
Ng4+ 22. fxg4 Bxg4 23. c6 bxc6 24. Bxf8 Rxf8 25. Na3 Qf4+ 26. Kg1 Qxd2 27. Bc4
Qc3 28. Rb1 Qxa3 29. h5 h6 30. Rh4 Qe3+ 31. Kh2 Qf4+ 32. Kg1 Qxe4 33. Rb2 Qe1+
34. Kh2 Bf5 35. Rxd4 Qe5+ 36. Kg1 Qxd4+ 37. Kh2 Qxb2 38. c3 Qxc3 39. Bf1 Rd8
40. Be2 Qc2 41. Bf3 Be4 42. Bxe4 Qxe4 43. g3 Rd1 44. Kh3 Qf3 45. a3 Qh1+ 0-1

[Event "8eme Open International de La Fere"]
[Site "La Fere (FRA)"]
[Date "2009.07.07"]
[Round "5.61"]
[White "Cassol, Robert"]
[Black "Devoitine, Vincianne"]
[Result "1-0"]
[WhiteElo "1430"]
[BlackElo "1040"]
[PlyCount "103"]
[EventDate "2009.??.??"]

1. e4 e5 2. Nf3 Nc6 3. Bc4 Nf6 4. d3 Bc5 5. c3 d6 6. b4 Bb6 7. Qb3 Be6 8. Bxe6
fxe6 9. Qxe6+ Qe7 10. Qxe7+ Nxe7 11. a4 a5 12. b5 c6 13. bxc6 bxc6 14. O-O d5
15. Ng5 Rd8 16. Ne6 Rd6 17. Nxg7+ Kf7 18. Ba3 c5 19. Nf5 Nxf5 20. exf5 e4 21.
d4 Rc6 22. dxc5 Rxc5 23. Bxc5 Bxc5 24. Kh1 Ng4 25. h4 Rg8 26. Nd2 e3 27. fxe3
Bxe3 28. Nf3 Kf6 29. Rab1 Re8 30. Rb5 Ra8 31. Rxd5 Bf2 32. Rb1 Re8 33. c4 Ne5
34. Nxe5 Rxe5 35. Rxe5 Kxe5 36. Rb5+ Kf4 37. Kh2 Kg4 38. h5 Bg3+ 39. Kg1 Kxh5
40. f6+ Kg4 41. f7 Bf4 42. f8=Q Be3+ 43. Kf1 Kg3 44. Qg7+ Kf4 45. g3+ Ke4 46.
Qxh7+ Kd4 47. Qc2 Bf4 48. Rd5+ Ke3 49. gxf4 Kxf4 50. Qf5+ Kg3 51. Rd3+ Kh2 52.
Rh3# 1-0

[Event "8eme Open International de La Fere"]
[Site "La Fere (FRA)"]
[Date "2009.07.07"]
[Round "5.62"]
[White "Pruvost, Loic"]
[Black "Henon, Alexandre"]
[Result "1-0"]
[WhiteElo "1420"]
[BlackElo "1030"]
[PlyCount "37"]
[EventDate "2009.??.??"]

1. e4 c5 2. c3 Nc6 3. Nf3 a6 4. d4 cxd4 5. cxd4 Nf6 6. Nc3 g6 7. Bc4 Bg7 8. Qb3
Na5 9. Qc2 Nxc4 10. Qd3 b5 11. Ne5 Nxe5 12. dxe5 Nh5 13. Qd5 Bb7 14. Qxb7 Bxe5
15. Qd5 Bc7 16. O-O Nf6 17. Qd4 Bb8 18. Nd5 Nxd5 19. Qxh8# 1-0

[Event "8eme Open International de La Fere"]
[Site "La Fere (FRA)"]
[Date "2009.07.07"]
[Round "5.63"]
[White "Brugge, Rodolphe"]
[Black "Degraeve, Remy"]
[Result "1-0"]
[WhiteElo "1220"]
[BlackElo "1009"]
[PlyCount "27"]
[EventDate "2009.??.??"]

1. c4 e5 2. Nc3 Bb4 3. Nf3 Nf6 4. d3 Nc6 5. g3 d6 6. Bg2 O-O 7. O-O Bg4 8. Bg5
h6 9. Bxf6 Qxf6 10. e4 Bxc3 11. bxc3 a6 12. d4 exd4 13. Nxd4 Nxd4 14. Qxd4 1-0

[Event "8eme Open International de La Fere"]
[Site "La Fere (FRA)"]
[Date "2009.07.07"]
[Round "5.64"]
[White "Degraeve, Thomas"]
[Black "Tonneau, Bastien"]
[Result "0-1"]
[WhiteElo "1009"]
[BlackElo "1199"]
[PlyCount "67"]
[EventDate "2009.??.??"]

1. d4 d5 2. Nf3 Nf6 3. Nc3 g6 4. Bg5 Bg7 5. e3 O-O 6. Bd3 Nc6 7. O-O Nb4 8. a3
Nxd3 9. Qxd3 a6 10. h3 Bf5 11. Qd2 b5 12. Bxf6 exf6 13. Rae1 Re8 14. a4 b4 15.
Ne2 a5 16. Ng3 Be4 17. Qe2 Rb8 18. b3 Qd7 19. Rc1 f5 20. Nxe4 fxe4 21. Ng5 Qf5
22. Qg4 Bh6 23. f4 Qxg4 24. hxg4 Bxg5 25. fxg5 Rb6 26. c3 bxc3 27. Rxc3 Rf8 28.
Rxc7 Rxb3 29. Kf2 Ra3 30. Rd7 Rxa4 31. Rxd5 f6 32. gxf6 Rxf6+ 33. Kg3 Ra2 34.
Rc5 0-1

[Event "8eme Open International de La Fere"]
[Site "La Fere (FRA)"]
[Date "2009.07.08"]
[Round "6.1"]
[White "Gharamian, Tigran"]
[Black "Manolache, Marius"]
[Result "1/2-1/2"]
[WhiteElo "2615"]
[BlackElo "2479"]
[PlyCount "87"]
[EventDate "2009.??.??"]

1. e4 d6 2. d4 Nf6 3. Nc3 g6 4. f4 Bg7 5. Nf3 O-O 6. Bd3 Na6 7. O-O c5 8. d5
Bg4 9. Bc4 Rb8 10. h3 Bxf3 11. Qxf3 Nd7 12. Nb5 Nb6 13. Be2 Nb4 14. Qb3 Nd7 15.
a3 Nc6 16. dxc6 bxc6 17. a4 a6 18. c4 cxb5 19. axb5 axb5 20. cxb5 Bd4+ 21. Kh2
Nf6 22. Qc2 d5 23. exd5 Nxd5 24. f5 Rxb5 25. Bxb5 Qb8+ 26. Kh1 Qxb5 27. Bh6 Rd8
28. Qe4 Qd7 29. Rab1 Nf6 30. Qf3 Qxf5 31. Qxf5 gxf5 32. Rxf5 Ne4 33. Kh2 e6 34.
Rf3 Rb8 35. Re1 f5 36. b3 Ra8 37. Re2 Be5+ 38. Bf4 Bd4 39. Bh6 Be5+ 40. Bf4 Bd4
41. Bh6 Be5+ 42. g3 Rd8 43. Kg2 Bg7 44. Bxg7 1/2-1/2

[Event "8eme Open International de La Fere"]
[Site "La Fere (FRA)"]
[Date "2009.07.08"]
[Round "6.2"]
[White "Schmidt, Raul"]
[Black "Malaniuk, Vladimir P"]
[Result "1/2-1/2"]
[WhiteElo "2377"]
[BlackElo "2563"]
[PlyCount "136"]
[EventDate "2009.??.??"]

1. Nf3 f5 2. d4 g6 3. g3 Nf6 4. Bg2 Bg7 5. O-O O-O 6. b4 c6 7. c4 Ne4 8. Bb2 d5
9. Nbd2 a5 10. bxa5 Qxa5 11. Qc2 Qa4 12. Qb3 dxc4 13. Nxc4 Be6 14. Rfc1 Nd7 15.
Qd3 Qb5 16. Qb3 Qa4 17. Qd3 Rfd8 18. e3 Bd5 19. Nfd2 b5 20. Na3 Qb4 21. Nc2
Qxb2 22. Nxe4 fxe4 23. Bxe4 Bxa2 24. Bxc6 Ne5 25. Qxb5 Qxb5 26. Bxb5 Bc4 27.
Rxa8 Rxa8 28. Bxc4+ Nxc4 29. Nb4 Nd6 30. Rc7 Bf6 31. h4 Kf7 32. Kg2 h5 33. Nd5
Ra2 34. Kf3 Nf5 35. Rb7 Rc2 36. Ra7 Nh6 37. Rc7 Rb2 38. Nc3 Ng4 39. Ne4 Ke6 40.
Rc5 Kf7 41. Rc7 Ra2 42. Rb7 Ra5 43. Nc5 Ra3 44. Rb3 Ra2 45. Ne4 Ra7 46. Nc5 Nh6
47. Rb7 Ra3 48. Rb3 Ra2 49. Rb7 Nf5 50. Ne4 Ra3 51. Kg2 Nh6 52. Rb6 Ra7 53. Nc5
Nf5 54. Ne4 Rc7 55. Ra6 Rb7 56. Ra2 e6 57. Nc5 Rc7 58. Ra6 Ng7 59. Rb6 Be7 60.
Rb7 Rxb7 61. Nxb7 Nf5 62. Na5 Nh6 63. Nc4 Nf5 64. Ne5+ Kg7 65. f3 Bd6 66. Nd3
Kf6 67. Nc1 Nh6 68. Ne2 Bb4 1/2-1/2

[Event "8eme Open International de La Fere"]
[Site "La Fere (FRA)"]
[Date "2009.07.08"]
[Round "6.3"]
[White "Degraeve, Jean-Marc"]
[Black "Gozzoli, Yannick"]
[Result "1/2-1/2"]
[WhiteElo "2559"]
[BlackElo "2498"]
[PlyCount "51"]
[EventDate "2009.??.??"]

1. e4 e5 2. Nf3 Nc6 3. Bc4 Nf6 4. d3 Be7 5. O-O O-O 6. Re1 d6 7. a4 h6 8. a5 a6
9. h3 Be6 10. Nbd2 Nh7 11. c3 Ng5 12. Nf1 Nxf3+ 13. Qxf3 Bg5 14. Bxg5 Qxg5 15.
Ne3 Ne7 16. Kh2 Rae8 17. Qg3 Qf4 18. Ba2 Bxa2 19. Rxa2 f5 20. exf5 Nxf5 21.
Nxf5 Rxf5 22. Qxf4 Rxf4 23. f3 Kf8 24. Re4 Rxe4 25. fxe4 Ke7 26. g3 1/2-1/2

[Event "8eme Open International de La Fere"]
[Site "La Fere (FRA)"]
[Date "2009.07.08"]
[Round "6.4"]
[White "Riff, Jean-Noel"]
[Black "Tawegoum, Ivan"]
[Result "1-0"]
[WhiteElo "2505"]
[BlackElo "1490"]
[PlyCount "45"]
[EventDate "2009.??.??"]

1. e4 e5 2. Nf3 Nc6 3. Bb5 a6 4. Ba4 Bc5 5. O-O Nge7 6. c3 O-O 7. d4 exd4 8.
cxd4 Bb6 9. d5 Nb8 10. Bg5 d6 11. h3 Bd7 12. Bc2 Re8 13. Nc3 Qc8 14. Bxe7 Rxe7
15. Kh2 f6 16. Qd3 Rf7 17. e5 fxe5 18. Qxh7+ Kf8 19. Ng5 Rf6 20. Qh8+ Ke7 21.
Qxg7+ Ke8 22. Qxf6 Bc5 23. Bg6# 1-0

[Event "8eme Open International de La Fere"]
[Site "La Fere (FRA)"]
[Date "2009.07.08"]
[Round "6.6"]
[White "Wirig, Anthony"]
[Black "Pytel, Krzysztof"]
[Result "1-0"]
[WhiteElo "2491"]
[BlackElo "2383"]
[PlyCount "99"]
[EventDate "2009.??.??"]

1. c4 Nf6 2. Nf3 g6 3. Nc3 Bg7 4. g3 O-O 5. Bg2 Nc6 6. d3 d6 7. O-O Nh5 8. d4
e5 9. Bg5 f6 10. Be3 f5 11. dxe5 dxe5 12. Qb3 Nd4 13. Bxd4 exd4 14. c5+ Kh8 15.
Rad1 Qe7 16. Nxd4 Qxc5 17. Na4 Qa5 18. Nc6 Qa6 19. Ne7 Be6 20. Bd5 Bxd5 21.
Nxd5 Qxe2 22. Nxc7 Rad8 23. Nc3 Qf3 24. Ne6 Rde8 25. Ng5 Qg4 26. Nf7+ Rxf7 27.
Qxf7 Rf8 28. Qe7 h6 29. Rd8 Rxd8 30. Qxd8+ Kh7 31. Qd1 Qb4 32. Qb3 Qe7 33. Nd5
Qe4 34. Rd1 b6 35. Qd3 Qa4 36. Qb3 Qe4 37. Nc3 Qe7 38. Qc4 Qe5 39. Qd5 Qc7 40.
Qd6 Qc4 41. Qd3 Qb4 42. Rd2 Qc5 43. Qd5 Qe7 44. Re2 Qg5 45. Qf3 Qc1+ 46. Kg2
Qg5 47. Nd5 Qc1 48. b3 Qc6 49. Ne7 Qc1 50. Nxf5 1-0

[Event "8eme Open International de La Fere"]
[Site "La Fere (FRA)"]
[Date "2009.07.08"]
[Round "6.9"]
[White "Molet, Asher"]
[Black "Konguvel, Ponnuswamy"]
[Result "0-1"]
[WhiteElo "1900"]
[BlackElo "2419"]
[PlyCount "82"]
[EventDate "2009.??.??"]

1. d4 Nf6 2. Nf3 g6 3. c4 Bg7 4. Nc3 d5 5. e3 O-O 6. Qb3 e6 7. Bd2 b6 8. cxd5
exd5 9. Rc1 Bb7 10. Be2 Nbd7 11. O-O c6 12. a4 a5 13. Rc2 Re8 14. Na2 Bf8 15.
Nc1 Ne4 16. Rd1 Nxd2 17. Rdxd2 Bb4 18. Rd1 c5 19. Bb5 c4 20. Qa2 Re7 21. b3 Nf6
22. bxc4 dxc4 23. Bxc4 Nd5 24. Ne2 Bd6 25. Rc3 Nb4 26. Qb3 Rc8 27. d5 Rxc4 28.
Rxc4 Bxd5 29. Rxd5 Nxd5 30. Ned4 Nb4 31. g3 Qd7 32. Nb5 Bc5 33. Nfd4 h5 34. h4
Nd5 35. Qb2 Qh3 36. Qe2 Nxe3 37. fxe3 Qxg3+ 38. Kf1 Rxe3 39. Qf2 Qh3+ 40. Qg2
Re1+ 41. Kf2 Qe3# 0-1

[Event "8eme Open International de La Fere"]
[Site "La Fere (FRA)"]
[Date "2009.07.08"]
[Round "6.11"]
[White "Vandervorst, Marc"]
[Black "Piankov, Evgenij"]
[Result "0-1"]
[WhiteElo "1876"]
[BlackElo "2356"]
[PlyCount "114"]
[EventDate "2009.??.??"]

1. e4 c6 2. d4 d5 3. Nc3 g6 4. e5 Bg7 5. Nf3 Bg4 6. Be2 f6 7. exf6 exf6 8. O-O
Nh6 9. h3 Bxf3 10. Bxf3 O-O 11. Ne2 Nd7 12. Re1 Re8 13. Bd2 Nf5 14. c3 Nb6 15.
b3 Qd7 16. Bg4 h5 17. Bxf5 Qxf5 18. Ng3 Qd3 19. Re2 h4 20. Qf1 Rf8 21. Nh1 a5
22. f3 a4 23. Nf2 Qf5 24. Rb1 Rf7 25. Ng4 axb3 26. axb3 Kh7 27. f4 Ra2 28. Qe1
Kg8 29. Rd1 Nc8 30. Re8+ Rf8 31. Qe6+ Qxe6 32. Rxe6 Kf7 33. Re2 Nd6 34. Nf2
Rfa8 35. Rde1 Bf8 36. Bc1 Rxe2 37. Rxe2 Ra1 38. Re1 Bh6 39. Kf1 Nf5 40. Ke2
Ng3+ 41. Kf3 f5 42. Nd3 Ne4 43. Bb2 Rxe1 44. Nxe1 Nd2+ 45. Ke3 Nxb3 46. Nf3 Na5
47. Bc1 Nc4+ 48. Kd3 Kf6 49. Ne5 Nxe5+ 50. fxe5+ Ke6 51. c4 Bf8 52. Be3 dxc4+
53. Kxc4 c5 54. Kb3 Kd5 55. Bf2 Be7 56. g3 Ke4 57. gxh4 Kf4 0-1

[Event "8eme Open International de La Fere"]
[Site "La Fere (FRA)"]
[Date "2009.07.08"]
[Round "6.12"]
[White "Rouffignac, Tanguy"]
[Black "Sandu, Mihaela"]
[Result "0-1"]
[WhiteElo "1740"]
[BlackElo "2312"]
[PlyCount "102"]
[EventDate "2009.??.??"]

1. e4 c5 2. Nf3 d6 3. d4 cxd4 4. Nxd4 Nf6 5. Nc3 g6 6. Be3 Bg7 7. f3 Nc6 8. Qd2
O-O 9. Bc4 Bd7 10. O-O-O Rb8 11. h4 b5 12. Bb3 Na5 13. Bh6 Bxh6 14. Qxh6 e5 15.
Nde2 b4 16. Nd5 Nxb3+ 17. axb3 Nxd5 18. exd5 Bf5 19. Kd2 e4 20. Nd4 Qf6 21.
Nxf5 Qxf5 22. h5 e3+ 23. Kxe3 g5 24. Qxd6 Rfd8 25. Qa6 Qxc2 26. Rd4 Re8+ 27.
Re4 f5 28. Re6 Qc5+ 29. Ke2 Qxd5 30. Rxe8+ Rxe8+ 31. Kf2 Qd4+ 32. Kg3 Qe5+ 33.
Kf2 Qxb2+ 34. Kg3 Qe5+ 35. Kf2 g4 36. Qc4+ Kh8 37. Rc1 g3+ 38. Kf1 Qe3 39. Qc2
h6 40. Qb2+ Kg8 41. Qc2 a5 42. Qc4+ Kh8 43. Qc2 Qd4 44. Rd1 Qh4 45. Qc5 Qh1+
46. Qg1 Qxg1+ 47. Kxg1 Re2 48. Kf1 Rf2+ 49. Kg1 Rb2 50. Kf1 Rf2+ 51. Kg1 Rb2
0-1

[Event "8eme Open International de La Fere"]
[Site "La Fere (FRA)"]
[Date "2009.07.08"]
[Round "6.13"]
[White "Bannink, Bernard"]
[Black "Tivol, Thierry"]
[Result "1-0"]
[WhiteElo "2277"]
[BlackElo "1720"]
[PlyCount "37"]
[EventDate "2009.??.??"]

1. d4 c6 2. Nf3 d5 3. c4 Bf5 4. Nc3 e6 5. e3 Nf6 6. Nh4 Be4 7. f3 Ng4 8. g3 Qg5
9. fxe4 Nxh2 10. Rxh2 Qxg3+ 11. Rf2 Qxh4 12. Qf3 f6 13. exd5 Bd6 14. Ne4 Bb4+
15. Bd2 Bxd2+ 16. Nxd2 O-O 17. dxe6 Na6 18. O-O-O Nc7 19. Bd3 1-0

[Event "8eme Open International de La Fere"]
[Site "La Fere (FRA)"]
[Date "2009.07.08"]
[Round "6.14"]
[White "Siauve, Julien"]
[Black "Mulder, Bart-Piet"]
[Result "0-1"]
[WhiteElo "1678"]
[BlackElo "2212"]
[PlyCount "42"]
[EventDate "2009.??.??"]

1. e4 g6 2. d4 c6 3. Bd3 d5 4. e5 h5 5. Ne2 Nh6 6. Nf4 Bg4 7. f3 Bf5 8. e6 Bg7
9. Qe2 Qd6 10. exf7+ Kxf7 11. Bxf5 Nxf5 12. c3 e5 13. dxe5 Bxe5 14. g3 Nd7 15.
O-O Rae8 16. Qc2 Qc5+ 17. Rf2 Bxf4 18. Bxf4 Re1+ 19. Kg2 h4 20. h3 hxg3 21.
Bxg3 Ne3+ 0-1

[Event "8eme Open International de La Fere"]
[Site "La Fere (FRA)"]
[Date "2009.07.08"]
[Round "6.15"]
[White "Herman, Jose"]
[Black "Demanghon, Jonathan"]
[Result "0-1"]
[WhiteElo "1620"]
[BlackElo "2211"]
[PlyCount "128"]
[EventDate "2009.??.??"]

1. e4 e6 2. Nf3 d5 3. exd5 exd5 4. Nc3 Nf6 5. d4 Bb4 6. Bg5 Be6 7. Bd3 Nbd7 8.
O-O h6 9. Bd2 c6 10. Ne2 Bd6 11. Bf4 Qc7 12. Bxd6 Qxd6 13. Ng3 O-O-O 14. Bf5
Bxf5 15. Nxf5 Qf4 16. Ng3 Ne4 17. Qd3 g5 18. Rfe1 g4 19. Nxe4 dxe4 20. Rxe4 Qf5
21. Nh4 Qg5 22. Qg3 f5 23. Rf4 Rdf8 24. Re1 Nf6 25. Re6 Nd5 26. Ng6 Re8 27. h4
Qh5 28. Rxe8+ Rxe8 29. Ne5 b6 30. c3 Kb7 31. Kf1 Re7 32. a3 Nxf4 33. Qxf4 Qxh4
34. Qxf5 Qh1+ 35. Ke2 Qxg2 36. Qg6 Qf3+ 37. Kf1 Qh1+ 38. Ke2 h5 39. Kd2 Qg2 40.
Qf6 Rc7 41. Qf4 g3 42. Qxg3 Qxg3 43. fxg3 Rg7 44. g4 hxg4 45. Ke2 g3 46. Kf1
g2+ 47. Kg1 Rg3 48. Nc4 b5 49. Nd6+ Kb6 50. Ne4 Re3 51. Nc5 Re2 52. Nd3 Rd2 53.
Nf4 Rxb2 54. Nxg2 Rb3 55. Nf4 Rxc3 56. Kf2 Rxa3 57. Ke2 a5 58. Kd2 Rf3 59. Ne6
Rf5 60. Kc3 c5 61. dxc5+ Rxc5+ 62. Kb3 Re5 63. Nd8 Re3+ 64. Kb2 Re7 0-1

[Event "8eme Open International de La Fere"]
[Site "La Fere (FRA)"]
[Date "2009.07.08"]
[Round "6.16"]
[White "Delorme, Laurie"]
[Black "Wells, Pierre-Alexandre"]
[Result "1-0"]
[WhiteElo "2152"]
[BlackElo "1499"]
[PlyCount "68"]
[EventDate "2009.??.??"]

1. d4 Nf6 2. c4 e6 3. Nf3 d5 4. Nc3 c6 5. Bg5 Nbd7 6. e3 Be7 7. cxd5 exd5 8.
Bd3 O-O 9. h3 Re8 10. Bf4 Nf8 11. O-O Ng6 12. Bh2 Bd6 13. Bxd6 Qxd6 14. Qc2 Bd7
15. a3 Re7 16. b4 b5 17. Nd2 Rae8 18. Nb3 Bc8 19. Ne2 Nd7 20. Na5 Nf6 21. Rac1
Bd7 22. Nxc6 Bxc6 23. Qxc6 Qxc6 24. Rxc6 Rb7 25. Rfc1 Ne7 26. Rc7 Reb8 27. Ng3
Ne8 28. Rxb7 Rxb7 29. Nf5 a6 30. Nxe7+ Rxe7 31. Rc6 Re6 32. Rc5 Nf6 33. Bf5 Re8
34. Rc6 h6 1-0

[Event "8eme Open International de La Fere"]
[Site "La Fere (FRA)"]
[Date "2009.07.08"]
[Round "6.17"]
[White "Noiroux, Kevin"]
[Black "Wolfangel, Jocelyne"]
[Result "1-0"]
[WhiteElo "2145"]
[BlackElo "1410"]
[PlyCount "28"]
[EventDate "2009.??.??"]

1. d4 d5 2. Nf3 Nf6 3. c4 e6 4. g3 Bb4+ 5. Nbd2 dxc4 6. Bg2 Nc6 7. O-O O-O 8.
Nxc4 Rb8 9. a3 Be7 10. b4 b5 11. Nce5 Nxe5 12. Nxe5 Bb7 13. Bxb7 Rxb7 14. Nc6
Qd5 1-0

[Event "8eme Open International de La Fere"]
[Site "La Fere (FRA)"]
[Date "2009.07.08"]
[Round "6.18"]
[White "Van Poucke, Anthony"]
[Black "Ahlers, Ben"]
[Result "0-1"]
[WhiteElo "1400"]
[BlackElo "2136"]
[PlyCount "52"]
[EventDate "2009.??.??"]

1. e4 d6 2. d4 Nf6 3. Nc3 g6 4. Nf3 Bg7 5. Be3 O-O 6. h3 c6 7. Bd3 Qc7 8. O-O
e5 9. dxe5 dxe5 10. Qd2 Re8 11. Bh6 Bh8 12. Qe3 Nbd7 13. Be2 Nf8 14. Rfd1 Ne6
15. Ng5 b5 16. Nxe6 Bxe6 17. Qg5 b4 18. Na4 Nxe4 19. Qh4 Nd6 20. Qxb4 Nf5 21.
Bg5 h6 22. Bd2 Nd4 23. Bd3 Rab8 24. Qc3 e4 25. Qa3 exd3 26. Qxd3 Bf5 0-1

[Event "8eme Open International de La Fere"]
[Site "La Fere (FRA)"]
[Date "2009.07.08"]
[Round "6.19"]
[White "Broekman, Willem"]
[Black "Neumair, Dorian"]
[Result "1-0"]
[WhiteElo "2129"]
[BlackElo "1196"]
[PlyCount "69"]
[EventDate "2009.??.??"]

1. d4 d5 2. c4 e6 3. Nc3 Nf6 4. cxd5 exd5 5. Bg5 Be7 6. e3 a6 7. Qc2 Nc6 8. a3
Be6 9. Bd3 h6 10. Bh4 O-O 11. Nge2 Rc8 12. h3 b5 13. Nxb5 axb5 14. Qxc6 Bd7 15.
Qc2 c5 16. Bxf6 Bxf6 17. dxc5 Qa5+ 18. b4 Qa6 19. Ra2 Be6 20. Nd4 Bxd4 21. exd4
Rfe8 22. O-O Bd7 23. a4 Qb7 24. a5 Qa6 25. Rfa1 Rc6 26. Bf5 Bxf5 27. Qxf5 Rd8
28. Re1 Rf6 29. Qd3 Rg6 30. Re5 Qc8 31. Re1 Qc6 32. f4 Qf6 33. f5 Rg5 34. Qf3
Qe6 35. h4 1-0

[Event "8eme Open International de La Fere"]
[Site "La Fere (FRA)"]
[Date "2009.07.08"]
[Round "6.20"]
[White "Belloc, Clemence"]
[Black "Gozzoli, Cyrille"]
[Result "0-1"]
[WhiteElo "1300"]
[BlackElo "2125"]
[PlyCount "58"]
[EventDate "2009.??.??"]

1. e4 d5 2. exd5 Qxd5 3. Nc3 Qa5 4. Nf3 Nf6 5. d3 c6 6. Be2 Bf5 7. O-O e6 8.
Bf4 Nbd7 9. a3 Be7 10. Re1 h6 11. d4 O-O 12. Bd3 Bxd3 13. Qxd3 Rfd8 14. Ne4
Nxe4 15. Rxe4 Nc5 16. Re5 Nxd3 17. Rxa5 Nxf4 18. Re5 Bf6 19. Re4 Nd5 20. c3 a5
21. a4 Rac8 22. Rb1 Nb6 23. b3 Nd5 24. Rc1 c5 25. Ree1 cxd4 26. cxd4 Nb4 27.
Red1 Rxc1 28. Rxc1 Bxd4 29. Rd1 Bxf2+ 0-1